Welcome to the Holygrace Academy Library

Please use search bar below to get started

BURNED (Record no. 2504)

MARC details
000 -LEADER
fixed length control field 00238nam a22001217a 4500
082 ## - DEWEY DECIMAL CLASSIFICATION NUMBER
Classification number 823
Item number CAS/B
100 ## - MAIN ENTRY--AUTHOR NAME
Personal name CAST,KRISTIN
245 ## - TITLE STATEMENT
Title BURNED
260 ## - PUBLICATION, DISTRIBUTION, ETC. (IMPRINT)
Place of publication LONDON
Name of publisher ATOM
300 ## - PHYSICAL DESCRIPTION
Number of Pages 323
650 ## - SUBJECT ADDED ENTRY--TOPICAL TERM
Topical Term NOVEL,ENGLISH
Geographic subdivision LONDON
942 ## - ADDED ENTRY ELEMENTS (KOHA)
Koha item type Books
Holdings
Withdrawn status Lost status Collection code Home library Current library Shelving location Date acquired Source of acquisition Cost, normal purchase price Full call number Accession Number Koha item type
    Fiction Main Library Main Library SHELF-2-E ENGLIAH NOVEL TEACHERS 01/08/2011 PURCHASE 299.00 823 CAS/B 05532 Books